| 000 | 00868 a2200181 4500 | ||
|---|---|---|---|
| 001 | 142474 | ||
| 040 | _cLeonardo Da Vinci | ||
| 041 | _aPortuguês | ||
| 082 | _av216 | ||
| 100 | _aEDUCACIONAL SHOP VIDEO | ||
| 245 |
_aDualidade onda - partícula _bo que é luz? ajude os alunos a entender a velha teoria e a nova |
||
| 250 | _av.1-2 | ||
| 260 |
_bESV _aSão Paulo |
||
| 490 | _aTV Ontario | ||
| 520 | _aA dualidade da partícula ondulatória traça a evolução das várias teorias avançadas para explicar o comportamento da luz. As contibuições de Isaac Newton, Christian Huygens, Thomas Young, Jean Foucaut, James Maxwell,Mac Planck, Albert Einstein, Arthur Compton, Geoffrey Taylor e Louis de Broglie são ressaltadas | ||
| 697 |
_aFísica _aModelo de Onda _aModelo de Partícula _aModelo Eletromagnético _aQuantum _aFótons _aOndas de Matéria |
||
| 942 | _cVM | ||
| 999 |
_c142474 _d142474 |
||